000 00328nam a2200145Ia 4500
008 230312s9999||||xx |||||||||||||| ||und||
020 _a9789696520856
082 _a891.4
_bAIT-T
100 _aAitzaz Ahsan
245 4 _aThe Indus saga
260 _bJamhori
_apak
_c2017
300 _a413
650 _aLiterature
942 _cBK
999 _c13491
_d13491